Contar rápido - 1 a 500 - Estadísticas

Estadísticas generales
  • Esta prueba ha sido intentada 94 veces
  • La puntuación promedio es 183 de 500
Estadísticas de respuestas
# % Correcto
1
100%
2
99%
3
97%
4
97%
5
97%
6
97%
9
97%
11
96%
7
96%
8
96%
12
93%
13
93%
14
93%
10
92%
15
92%
16
92%
22
92%
17
90%
18
90%
19
90%
23
90%
20
89%
21
89%
27
89%
34
89%
24
88%
25
86%
26
86%
28
86%
35
86%
49
86%
50
86%
29
85%
30
85%
33
85%
38
85%
32
83%
45
83%
55
83%
31
82%
36
82%
40
82%
41
82%
43
82%
44
82%
46
82%
47
82%
48
82%
54
82%
56
82%
37
81%
42
81%
52
81%
53
81%
59
81%
65
81%
58
79%
62
79%
74
79%
39
78%
51
78%
57
78%
61
78%
64
78%
73
78%
75
78%
63
76%
66
76%
67
76%
80
76%
92
76%
94
76%
96
76%
97
76%
98
76%
60
75%
69
75%
70
75%
71
75%
72
75%
76
75%
77
75%
82
75%
88
75%
95
75%
99
75%
100
74%
68
74%
78
74%
79
74%
81
74%
83
74%
84
74%
85
74%
87
74%
89
74%
93
74%
90
72%
86
71%
91
71%
101
69%
111
65%
102
64%
104
64%
105
64%
103
63%
106
63%
107
63%
123
63%
112
61%
113
61%
114
61%
108
60%
109
60%
115
60%
121
60%
117
58%
118
58%
119
58%
124
58%
127
58%
132
58%
134
58%
110
57%
116
57%
125
57%
126
57%
128
57%
140
57%
142
57%
200
57%
129
56%
130
56%
136
56%
139
56%
141
56%
143
56%
222
56%
120
54%
131
54%
137
54%
138
54%
122
53%
133
53%
135
53%
144
51%
234
51%
145
50%
146
50%
148
50%
149
50%
223
50%
147
49%
150
49%
154
49%
156
49%
161
49%
164
49%
165
49%
166
49%
230
49%
151
47%
153
47%
155
47%
160
47%
162
47%
163
47%
167
47%
168
47%
169
47%
171
47%
178
47%
236
47%
300
47%
152
46%
157
46%
158
46%
159
46%
170
46%
177
46%
180
46%
210
46%
212
46%
213
46%
231
46%
237
46%
172
44%
174
44%
201
44%
202
44%
220
44%
221
44%
224
44%
233
44%
235
44%
238
44%
173
43%
175
43%
176
43%
179
43%
181
43%
204
43%
209
43%
225
43%
226
43%
228
43%
239
43%
189
42%
190
42%
203
42%
205
42%
206
42%
207
42%
208
42%
211
42%
214
42%
227
42%
229
42%
232
42%
250
42%
182
40%
183
40%
185
40%
188
40%
198
40%
199
40%
215
40%
240
40%
184
39%
186
39%
191
39%
192
39%
194
39%
195
39%
197
39%
241
39%
243
39%
187
38%
193
38%
196
38%
216
38%
217
38%
219
38%
245
38%
500
38%
218
36%
242
36%
246
36%
244
35%
247
35%
248
35%
249
35%
251
35%
252
35%
260
33%
255
32%
256
32%
270
32%
254
31%
253
29%
258
29%
262
29%
267
29%
257
28%
259
28%
261
28%
278
28%
333
28%
264
26%
265
26%
266
26%
269
26%
271
26%
272
26%
279
26%
263
25%
268
25%
280
25%
400
25%
444
25%
273
24%
274
24%
275
24%
276
24%
277
24%
282
24%
290
24%
499
24%
288
22%
292
22%
281
21%
287
21%
295
21%
296
21%
297
21%
299
21%
283
19%
285
19%
286
19%
289
19%
294
19%
301
19%
302
19%
303
19%
304
19%
305
19%
306
19%
310
19%
312
19%
284
18%
293
18%
298
18%
307
18%
308
18%
309
18%
291
17%
320
17%
456
17%
495
17%
313
15%
323
15%
332
15%
497
15%
498
15%
311
14%
314
14%
330
14%
331
14%
345
14%
350
14%
317
13%
321
13%
322
13%
324
13%
325
13%
334
13%
337
13%
338
13%
342
13%
435
13%
442
13%
449
13%
492
13%
496
13%
316
11%
318
11%
335
11%
336
11%
339
11%
340
11%
343
11%
346
11%
347
11%
432
11%
440
11%
447
11%
448
11%
450
11%
488
11%
490
11%
493
11%
315
10%
319
10%
328
10%
344
10%
348
10%
349
10%
441
10%
443
10%
445
10%
451
10%
453
10%
457
10%
460
10%
491
10%
494
10%
326
8%
327
8%
354
8%
423
8%
424
8%
433
8%
434
8%
437
8%
446
8%
454
8%
476
8%
485
8%
329
7%
341
7%
352
7%
353
7%
358
7%
360
7%
383
7%
410
7%
412
7%
421
7%
430
7%
431
7%
436
7%
438
7%
452
7%
455
7%
458
7%
461
7%
462
7%
477
7%
480
7%
489
7%
351
6%
356
6%
357
6%
361
6%
362
6%
390
6%
439
6%
459
6%
464
6%
474
6%
478
6%
481
6%
482
6%
483
6%
484
6%
355
4%
359
4%
363
4%
364
4%
365
4%
366
4%
370
4%
380
4%
382
4%
384
4%
388
4%
401
4%
411
4%
415
4%
417
4%
420
4%
425
4%
463
4%
465
4%
466
4%
467
4%
468
4%
470
4%
471
4%
472
4%
473
4%
475
4%
479
4%
486
4%
487
4%
367
3%
368
3%
369
3%
389
3%
392
3%
402
3%
405
3%
413
3%
418
3%
422
3%
426
3%
427
3%
428
3%
429
3%
469
3%
371
1%
374
1%
375
1%
376
1%
377
1%
381
1%
385
1%
386
1%
387
1%
391
1%
393
1%
394
1%
395
1%
396
1%
397
1%
398
1%
399
1%
403
1%
404
1%
406
1%
407
1%
408
1%
414
1%
416
1%
419
1%
372
0%
373
0%
378
0%
379
0%
409
0%
No se encontraron pruebas coincidentes
Distribución de puntuación
Porcentaje de gente con cada puntuación
Porcentaje por número respondido
Historial de tus puntuaciones
No has intentado esta prueba.